| 000 | 00663nam a2200205 u 4500 | ||
|---|---|---|---|
| 005 | 20240419063751.0 | ||
| 008 | 150624s2007 r 000 0 eng d | ||
| 020 | _a9788496629141 | ||
| 035 | _aUPN01000204467 | ||
| 049 | _aI | ||
| 050 | 4 |
_aPZ74 _bH6.8 |
|
| 100 | 1 |
_aHoudart, Emmanuelle, _d1967- _937578 |
|
| 245 | 1 | 4 |
_aLos viajes maravillosos del hada Lilú : _b-- y de su libro de magia andante / _cEmmanuelle Houdart ; tr. de Miguel Angel Mendo. |
| 260 |
_aMadrid : _bKókinos, _c2007. |
||
| 300 |
_a[42] p. : _bil. col. |
||
| 650 | 0 |
_aCuentos de hadas _95259 |
|
| 650 | 7 |
_aLibros ilustrados para niños _2 _921365 |
|
| 905 | _aInfantil | ||
| 999 |
_c176568 _d176568 |
||